[Event "IX Open"]
[Site "Padova ITA"]
[Date "2006.12.24"]
[Round "9"]
[White "Vuelban, Virgilio"]
[Black "Carini, Massimo"]
[Result "0-1"]
[WhiteElo "2341"]
[BlackElo "2176"]
[PlyCount "87"]
[EventDate "2006.12.16"]

1. e4 e5 2. Nf3 Nf6 3. d4 Nxe4 4. Bd3 d5 5. Nxe5 Bd6 6. O-O Nd7 7. Nxd7 Bxd7 8.
Qh5 Nf6 9. Re1+ Kf8 10. Qh4 Ng4 11. Qxd8+ Rxd8 12. h3 Nf6 13. Bg5 h6 14. Be3 g6
15. Nd2 Kg7 16. c3 Rhe8 17. Nf3 Re7 18. Ne5 Bc8 19. f4 Rde8 20. a3 Bf5 21. Bf1
Be4 22. c4 c6 23. c5 Bb8 24. b4 Nh7 25. Kf2 f6 26. Nf3 Bxf3 27. Kxf3 f5 28. b5
Nf6 29. a4 Nh5 30. bxc6 bxc6 31. Ba6 Bxf4 32. Bf2 Bd2 33. Rxe7+ Rxe7 34. Rb1
Nf6 35. Rb8 Ne4 36. Bg1 Ng5+ 37. Kf2 Be3+ 38. Kf1 Bxg1 39. Kxg1 Ne6 40. Rb4 g5
41. a5 Kf6 42. Bb7 Nxd4 43. a6 Re1+ 44. Kf2 0-1

[Event "IX Open"]
[Site "Padova ITA"]
[Date "2006.12.24"]
[Round "9"]
[White "Zanini, Andrea"]
[Black "Mazzella, Riccardo"]
[Result "1-0"]
[WhiteElo "1700"]
[BlackElo "1371"]
[PlyCount "55"]
[EventDate "2006.12.16"]

1. Nf3 d6 2. c4 e5 3. e4 Nf6 4. b3 g6 5. Bb2 Bg7 6. Be2 Bg4 7. h3 Bxf3 8. Bxf3
Nc6 9. Nc3 Nb4 10. Be2 Nh5 11. a3 Qg5 12. axb4 Qxg2 13. Bf3 Qg5 14. Bxh5 gxh5
15. Qf3 Bh6 16. O-O-O O-O-O 17. Rhg1 Qe7 18. Nd5 Qh4 19. Qxf7 Rd7 20. Rg8+ Rxg8
21. Qxg8+ Rd8 22. Qxh7 Rd7 23. Qxh6 Qxh3 24. Rg1 Rd8 25. Qh7 Qd7 26. Rg7 Rh8
27. Qxh8+ Qd8 28. Rxc7+ 1-0

[Event "C.to Provinciale KR 2007"]
[Site "Cutro ITA"]
[Date "2006.12.07"]
[Round "1"]
[White "Alo', Lucio"]
[Black "Liistro, Giovanni Carlo"]
[Result "1/2-1/2"]
[WhiteElo "1559"]
[BlackElo "1865"]
[PlyCount "49"]
[EventDate "2006.12.07"]

1. Nf3 Nf6 2. d4 g6 3. h3 Bg7 4. e3 O-O 5. Be2 d6 6. Nbd2 Nbd7 7. c4 e5 8. d5
a5 9. O-O Nc5 10. Rb1 Ne8 11. Nb3 f5 12. Nxc5 dxc5 13. Ra1 Nd6 14. a3 Bd7 15.
Ra2 a4 16. Bd2 Qe7 17. Nh2 Ne4 18. Bd3 Nxd2 19. Qxd2 e4 20. Bc2 Ra6 21. Rb1
Rfa8 22. Nf1 Qd6 23. Bd1 Be8 24. Be2 Rb6 25. Bd1 1/2-1/2

[Event "C.to Provinciale KR 2007"]
[Site "Cutro ITA"]
[Date "2006.12.07"]
[Round "1"]
[White "Macri', Pasquale"]
[Black "Piccoli, Vincenzo"]
[Result "1-0"]
[WhiteElo "1425"]
[BlackElo "1700"]
[PlyCount "61"]
[EventDate "2006.12.07"]

1. e4 c5 2. Nf3 d6 3. d4 cxd4 4. Nxd4 Nf6 5. Nc3 a6 6. f4 Qc7 7. Be3 e6 8. h3
b5 9. Bd3 Bb7 10. Qd2 Nbd7 11. Nf3 b4 12. Ne2 Nxe4 13. Bxe4 Bxe4 14. c3 bxc3
15. Qxc3 Qxc3+ 16. Nxc3 Bxf3 17. gxf3 Be7 18. Rg1 O-O 19. f5 exf5 20. Bh6 Bf6
21. Nd5 Bxb2 22. Ne7+ Kh8 23. Rb1 Bd4 24. Bxg7+ Bxg7 25. Nxf5 Be5 26. Rb7 Nc5
27. Rc7 Rab8 28. Ke2 Rb2+ 29. Ke3 Rg8 30. Rxg8+ Kxg8 31. Rc8# 1-0

[Event "C.to Provinciale KR 2007"]
[Site "Cutro ITA"]
[Date "2006.12.07"]
[Round "1"]
[White "Mano, Dionigi"]
[Black "Olivo, Ilaria"]
[Result "1-0"]
[WhiteElo "1667"]
[BlackElo "1419"]
[PlyCount "65"]
[EventDate "2006.12.07"]

1. d4 Nf6 2. c4 e6 3. Nc3 Bb4 4. Bg5 O-O 5. e3 b6 6. Bd3 Bb7 7. f3 d6 8. Nge2
Nbd7 9. O-O Re8 10. e4 c5 11. Nb5 cxd4 12. a3 a6 13. Nbxd4 Bc5 14. Kh1 Bxd4 15.
Nxd4 Rc8 16. Rc1 Ne5 17. Be2 h6 18. Bh4 d5 19. cxd5 Rxc1 20. Qxc1 exd5 21. Nf5
Ng6 22. Bg3 dxe4 23. Bc7 Qd5 24. Nd6 Re7 25. Bc4 Qc6 26. Nxb7 Rxc7 27. Bxf7+
Kh7 28. Qxc6 Rxc6 29. fxe4 Rc7 30. Nd8 Rd7 31. Bxg6+ Kxg6 32. Ne6 Nxe4 33. Nf8+
1-0

[Event "C.to Provinciale KR 2007"]
[Site "Cutro ITA"]
[Date "2006.12.07"]
[Round "1"]
[White "Morelli, Gaetano"]
[Black "Virelli, Salvatore"]
[Result "1-0"]
[WhiteElo "1849"]
[BlackElo "1539"]
[PlyCount "51"]
[EventDate "2006.12.07"]

1. e4 c5 2. Nf3 d6 3. d4 cxd4 4. Nxd4 Nf6 5. Nc3 g6 6. Be2 Bg7 7. Be3 O-O 8.
Qd2 a6 9. f3 Nc6 10. h4 Bd7 11. g4 Nxd4 12. Bxd4 e5 13. Be3 Be6 14. O-O-O b5
15. Bh6 Qa5 16. h5 Bxa2 17. Bxg7 Kxg7 18. hxg6 fxg6 19. Qh6+ Kf7 20. g5 Bc4 21.
Bxc4+ bxc4 22. gxf6 Kxf6 23. Nd5+ Ke6 24. Qh3+ Kf7 25. Qd7+ Kg8 26. Qxh7# 1-0

[Event "C.to Provinciale KR 2007"]
[Site "Cutro ITA"]
[Date "2006.12.07"]
[Round "1"]
[White "Olivo, Gaetano"]
[Black "Camposano, Antonio"]
[Result "1-0"]
[WhiteElo "1598"]
[BlackElo "1371"]
[PlyCount "105"]
[EventDate "2006.12.07"]

1. e4 e5 2. Nf3 Nc6 3. Bc4 Bc5 4. Nc3 Bb4 5. Nd5 d6 6. h3 Be6 7. O-O Bc5 8. c3
Nge7 9. d4 Na5 10. dxc5 Nxc4 11. Qa4+ c6 12. Qxc4 cxd5 13. Qb5+ Qd7 14. Qxd7+
Bxd7 15. cxd6 Nc8 16. Nxe5 Nb6 17. Nxd7 Kxd7 18. e5 Rae8 19. Re1 f6 20. f4 Nc4
21. b3 Nxd6 22. Bb2 fxe5 23. fxe5 Nc8 24. Rad1 Nb6 25. a4 Ke6 26. a5 Nd7 27. c4
dxc4 28. Rd6+ Ke7 29. Red1 Rd8 30. e6 Nc5 31. Rxd8 Rxd8 32. Rxd8 Kxd8 33. Bxg7
Nxb3 34. Bc3 Ke7 35. Kf2 Kxe6 36. g4 Nc5 37. Ke3 Na4 38. Kd4 b5 39. axb6 Nxb6
40. Ba5 Kd6 41. h4 Kc6 42. Bxb6 axb6 43. Kxc4 b5+ 44. Kd4 Kb6 45. g5 b4 46. Kc4
Ka5 47. Kb3 Kb5 48. h5 Kc5 49. g6 hxg6 50. hxg6 Kd6 51. g7 Kc5 52. g8=Q Kb5 53.
Qc4+ 1-0

[Event "C.to Provinciale KR 2007"]
[Site "Cutro ITA"]
[Date "2006.12.07"]
[Round "1"]
[White "Rametta, Marcello"]
[Black "Policastrese, Salvatore"]
[Result "1-0"]
[WhiteElo "1780"]
[BlackElo "1440"]
[PlyCount "81"]
[EventDate "2006.12.07"]

1. e4 e5 2. Bc4 Nf6 3. d3 h6 4. Nf3 Nc6 5. c3 d6 6. Be3 Be7 7. Nbd2 O-O 8. h3
d5 9. exd5 Nxd5 10. Qe2 Bf5 11. Ne4 Bxe4 12. dxe4 Nf6 13. Rd1 Qc8 14. O-O Rd8
15. Bd5 Nxd5 16. exd5 e4 17. dxc6 exf3 18. Qxf3 b6 19. Rxd8+ Qxd8 20. Rd1 Qe8
21. Rd7 Rc8 22. Qg4 Bg5 23. Bxg5 hxg5 24. Qxg5 Qe1+ 25. Kh2 Qxf2 26. Rd8+ Rxd8
27. Qxd8+ Kh7 28. Qxc7 Qxb2 29. Qxf7 Qxc3 30. c7 Qe5+ 31. Kg1 Qe1+ 32. Qf1 Qe3+
33. Kh1 Qc5 34. Qd3+ Kh6 35. Qd2+ Kh7 36. Qf4 Kg8 37. g4 Qd5+ 38. Kh2 Qxa2+ 39.
Kg3 Qb3+ 40. Qf3 Qc4 41. Qa8+ 1-0

[Event "C.to Provinciale KR 2007"]
[Site "Cutro ITA"]
[Date "2006.12.07"]
[Round "1"]
[White "Scerra, Ezio"]
[Black "Scalise, Sandro"]
[Result "1/2-1/2"]
[WhiteElo "1392"]
[BlackElo "1625"]
[PlyCount "70"]
[EventDate "2006.12.07"]

1. Nf3 c5 2. c3 Nc6 3. e3 g6 4. Be2 Bg7 5. a3 d5 6. d4 cxd4 7. Nxd4 Nxd4 8.
cxd4 Nf6 9. Nd2 O-O 10. Nf3 Re8 11. Bd3 Bd7 12. Bd2 Bc6 13. Ne5 Nd7 14. Nxc6
bxc6 15. Rc1 Rc8 16. Ba6 Rc7 17. Ba5 Nb6 18. O-O e5 19. Re1 Qf6 20. dxe5 Qxe5
21. Bc3 Qe6 22. Bxg7 Kxg7 23. f3 c5 24. Bb5 Rd8 25. e4 d4 26. Ba4 c4 27. Bb3
Qc8 28. Ba2 c3 29. bxc3 dxc3 30. Qb3 Rdd7 31. Re3 c2 32. Rd3 Rxd3 33. Qxd3 Rc3
34. Qd4+ Kg8 35. Qb4 Qc5+ 1/2-1/2

[Event "C.to Provinciale KR 2007"]
[Site "Cutro ITA"]
[Date "2006.12.07"]
[Round "1"]
[White "Spagnolo, Vincenzo"]
[Black "Olivo, Paolo"]
[Result "0-1"]
[WhiteElo "1365"]
[BlackElo "1589"]
[PlyCount "108"]
[EventDate "2006.12.07"]

1. e4 c5 2. Nf3 d6 3. d4 cxd4 4. Nxd4 Nf6 5. Nc3 a6 6. Bd3 Nc6 7. Nxc6 bxc6 8.
O-O e5 9. Bg5 Be7 10. Bxf6 Bxf6 11. b4 O-O 12. a4 d5 13. exd5 cxd5 14. Be2 Bb7
15. Qd2 e4 16. Rae1 Rc8 17. Nd1 d4 18. Bg4 Qd5 19. Bh3 Rc4 20. c3 dxc3 21. Qc2
Qd2 22. Ne3 Rxb4 23. Re2 Qxc2 24. Rxc2 Rxa4 25. Nd1 Rc4 26. Re1 Rd8 27. Ree2
Bc6 28. Rc1 c2 29. Ne3 Bb2 30. Rcxc2 Rxc2 31. Rxc2 Bd4 32. Rxc6 a5 33. Nc2 Be5
34. Bg4 f5 35. Be2 Rd2 36. Bc4+ Kf8 37. Bf1 a4 38. Ne3 a3 39. Rc2 a2 40. Rxd2
a1=Q 41. Nc2 Qc1 42. Re2 Qf4 43. g3 Qg5 44. f4 Bxf4 45. Bg2 Bd6 46. Ne3 Bc5 47.
h4 Bxe3+ 48. Rxe3 Qxe3+ 49. Kh2 f4 50. gxf4 Qxf4+ 51. Kh3 e3 52. Bh1 e2 53. Kg2
e1=Q 54. Kh3 Qfg3# 0-1

[Event "C.to Provinciale KR 2007"]
[Site "Cutro ITA"]
[Date "2006.12.07"]
[Round "1"]
[White "Zavaglia, Giuseppe"]
[Black "Manfredi, Candido"]
[Result "1-0"]
[WhiteElo "1886"]
[BlackElo "1572"]
[PlyCount "106"]
[EventDate "2006.12.07"]

1. e4 e5 2. Nf3 Nc6 3. Bb5 a6 4. Ba4 b5 5. Bb3 d6 6. c3 Be7 7. d3 Nf6 8. O-O
O-O 9. Nbd2 Bg4 10. Re1 Na5 11. Bc2 c6 12. Nf1 Qc7 13. h3 Bh5 14. Ng3 Bg6 15.
Bg5 Nh5 16. Nxh5 Bxh5 17. g4 Bg6 18. Qd2 Bxg5 19. Qxg5 Qd8 20. Qxd8 Raxd8 21.
b4 Nb7 22. a4 Ra8 23. Bb3 a5 24. axb5 axb4 25. cxb4 cxb5 26. Bd5 Rab8 27. Ra7
Nd8 28. Nh4 Ne6 29. Nxg6 hxg6 30. Bxe6 fxe6 31. Kg2 Rf7 32. Rea1 Rbb7 33. Rxb7
Rxb7 34. Ra6 Rd7 35. Rb6 d5 36. Rxb5 Kf7 37. g5 Ke7 38. Rb6 Rd6 39. Rb5 Rd7 40.
Kf3 Kd6 41. Rb6+ Ke7 42. exd5 Rxd5 43. Rb7+ Kf8 44. b5 Rxd3+ 45. Ke4 Rd5 46. h4
Kg8 47. h5 gxh5 48. g6 Kf8 49. b6 Rb5 50. Rf7+ Kg8 51. b7 h4 52. Rc7 Rb4+ 53.
Kxe5 Rb5+ 1-0

[Event "C.to Provinciale KR 2007"]
[Site "Cutro ITA"]
[Date "2006.12.08"]
[Round "2"]
[White "Abatino, Maurizio"]
[Black "Scalise, Sandro"]
[Result "1-0"]
[WhiteElo "2192"]
[BlackElo "1625"]
[PlyCount "56"]
[EventDate "2006.12.07"]

1. d4 Nf6 2. c4 c5 3. d5 b5 4. cxb5 a6 5. Nc3 axb5 6. e4 d6 7. Bxb5+ Nfd7 8.
Nf3 g6 9. O-O Ba6 10. Bxa6 Nxa6 11. Bd2 Bg7 12. Rb1 O-O 13. b3 Nb4 14. a4 Nb6
15. Nb5 Qd7 16. Bxb4 cxb4 17. Qd2 Nxa4 18. bxa4 Rxa4 19. Rxb4 Rxb4 20. Qxb4 Rb8
21. Rb1 Bc3 22. Qxc3 Rxb5 23. Rxb5 Qxb5 24. Nd2 Qe2 25. g3 h5 26. h4 g5 27.
hxg5 h4 28. gxh4 Qg4+ 1-0

[Event "C.to Provinciale KR 2007"]
[Site "Cutro ITA"]
[Date "2006.12.08"]
[Round "2"]
[White "Guzzo, Giovanni"]
[Black "Morelli, Gaetano"]
[Result "0-1"]
[WhiteElo "1798"]
[BlackElo "1849"]
[PlyCount "96"]
[EventDate "2006.12.07"]

1. Nf3 d5 2. g3 e6 3. Bg2 Nf6 4. O-O Bd6 5. d3 O-O 6. b3 c5 7. Bb2 Nc6 8. Nbd2
Bd7 9. e4 d4 10. Re1 e5 11. h3 Qc8 12. Kh2 g6 13. Nc4 Bc7 14. c3 b5 15. Na3
dxc3 16. Bc1 Nd4 17. Bg5 Kg7 18. Qc1 Ng8 19. Nc2 Bxh3 20. Bxh3 Nxf3+ 21. Kg2
Nxe1+ 22. Nxe1 Qb7 23. Qxc3 f5 24. f3 Bd6 25. exf5 gxf5 26. Nc2 Kg6 27. Qd2 h6
28. Bh4 Ne7 29. Rf1 Nd5 30. Ne3 Rae8 31. Kh2 Nxe3 32. Qxe3 Be7 33. Bxe7 Qxe7
34. g4 fxg4 35. Bxg4 Qh4+ 36. Kg2 Rf4 37. Qxc5 Ref8 38. Rg1 h5 39. Bh3 Rxf3 40.
Qc6+ Kh7 41. Qe4+ Qxe4 42. dxe4 Rg8+ 43. Kxf3 Rxg1 44. Bf5+ Kh6 45. Ke3 h4 46.
a4 bxa4 47. bxa4 h3 48. Kf2 h2 0-1

[Event "C.to Provinciale KR 2007"]
[Site "Cutro ITA"]
[Date "2006.12.08"]
[Round "2"]
[White "Liistro, Giovanni Carlo"]
[Black "Scerra, Ezio"]
[Result "1-0"]
[WhiteElo "1865"]
[BlackElo "1392"]
[PlyCount "43"]
[EventDate "2006.12.07"]

1. e4 e5 2. Nf3 Nc6 3. Bb5 Bd6 4. O-O Nd4 5. Nxd4 exd4 6. d3 g5 7. Re1 Be5 8.
c3 a6 9. Ba4 Qf6 10. Bd2 b5 11. Bb3 Bf4 12. cxd4 Bxd2 13. Nxd2 Bb7 14. e5 Qg6
15. Ne4 Bxe4 16. dxe4 O-O-O 17. a4 b4 18. Rc1 h5 19. Qc2 c6 20. Qc4 c5 21.
Qxc5+ Qc6 22. Qa7 1-0

[Event "C.to Provinciale KR 2007"]
[Site "Cutro ITA"]
[Date "2006.12.08"]
[Round "2"]
[White "Macri', Pasquale"]
[Black "Mano, Dionigi"]
[Result "0-1"]
[WhiteElo "1425"]
[BlackElo "1667"]
[PlyCount "33"]
[EventDate "2006.12.07"]

1. e4 e6 2. d4 c5 3. Nf3 d5 4. exd5 exd5 5. c4 Nf6 6. h3 Nc6 7. Bg5 Be7 8. Qe2
O-O 9. dxc5 Re8 10. Qd3 Bxc5+ 11. Be2 Qa5+ 12. Nbd2 Ne4 13. Be3 Nb4 14. Qb3
Bxe3 15. fxe3 Ng3 16. Rg1 Bf5 17. O-O-O 0-1

[Event "C.to Provinciale KR 2007"]
[Site "Cutro ITA"]
[Date "2006.12.08"]
[Round "2"]
[White "Olivo, Gaetano"]
[Black "Rametta, Marcello"]
[Result "0-1"]
[WhiteElo "1598"]
[BlackElo "1780"]
[PlyCount "112"]
[EventDate "2006.12.07"]

1. e4 c5 2. Nf3 Nc6 3. d4 cxd4 4. Nxd4 e6 5. a3 Bc5 6. Nxc6 bxc6 7. b4 Bb6 8.
Qf3 d6 9. Bb2 e5 10. c4 Nf6 11. h3 O-O 12. Nc3 Bd4 13. Rd1 Bb7 14. Be2 c5 15.
Bc1 Bxc3+ 16. Qxc3 Nxe4 17. Qc2 cxb4 18. axb4 Qb6 19. O-O Ng3 20. Rfe1 Nxe2+
21. Rxe2 Rac8 22. Be3 Qc6 23. Rd5 a6 24. Red2 Rfd8 25. c5 Qc7 26. Rxd6 Rxd6 27.
Rxd6 Bc6 28. Qf5 f6 29. g4 Qb7 30. g5 Bh1 31. Qe6+ Kh8 32. c6 Bxc6 33. gxf6
gxf6 34. Qxf6+ Qg7+ 35. Qxg7+ Kxg7 36. Kf1 e4 37. Ke1 Bb5 38. Bc5 Kf7 39. Kd2
Rc6 40. Ke3 Rxd6 41. Bxd6 Ke6 42. Bg3 Kf5 43. Kd4 h5 44. Ke3 Bf1 45. h4 Bg2 46.
Bb8 Kg4 47. Bg3 Bh1 48. Kd4 Kf3 49. Kc5 Bg2 50. Kb6 Bf1 51. Kc5 e3 52. fxe3
Kxg3 53. e4 Kxh4 54. e5 Kg5 55. e6 Kf6 56. Kd6 h4 0-1

[Event "C.to Provinciale KR 2007"]
[Site "Cutro ITA"]
[Date "2006.12.08"]
[Round "2"]
[White "Olivo, Ilaria"]
[Black "Manfredi, Candido"]
[Result "0-1"]
[WhiteElo "1419"]
[BlackElo "1572"]
[PlyCount "96"]
[EventDate "2006.12.07"]

1. e4 e5 2. Nf3 Nc6 3. Bc4 d6 4. h3 Be7 5. O-O Nf6 6. Re1 O-O 7. c3 Be6 8. Bxe6
fxe6 9. d4 exd4 10. cxd4 Nd7 11. Nc3 a6 12. Be3 d5 13. exd5 exd5 14. Nxd5 Nf6
15. Nxe7+ Qxe7 16. Bg5 Qb4 17. b3 Rad8 18. Bxf6 Rxf6 19. d5 Rfd6 20. Qe2 Rxd5
21. Qe6+ Kh8 22. Qe8+ Qf8 23. Qxf8+ Rxf8 24. Re2 h6 25. Rae1 Nd4 26. Nxd4 Rxd4
27. Re7 Rd2 28. f3 Rc2 29. a4 Rf6 30. R7e2 Rc3 31. Re3 Rfc6 32. Rxc3 Rxc3 33.
Rb1 Kg8 34. Kf1 Kf7 35. Ke1 b5 36. Kd2 b4 37. Rc1 Rxb3 38. Rxc7+ Kf8 39. Rc6
Rb2+ 40. Rc2 Rxc2+ 41. Kxc2 a5 42. g4 Kf7 43. h4 Kf6 44. f4 g6 45. Kb3 h5 46.
gxh5 gxh5 47. Kc4 Kf5 48. Kb3 Kxf4 0-1

[Event "C.to Provinciale KR 2007"]
[Site "Cutro ITA"]
[Date "2006.12.08"]
[Round "2"]
[White "Olivo, Paolo"]
[Black "Zavaglia, Giuseppe"]
[Result "0-1"]
[WhiteElo "1589"]
[BlackElo "1886"]
[PlyCount "80"]
[EventDate "2006.12.07"]

1. e4 c5 2. Nf3 d6 3. d4 cxd4 4. Nxd4 Nf6 5. Nc3 a6 6. Be3 e6 7. f3 Be7 8. Qd2
Nbd7 9. O-O-O Qc7 10. g4 Ne5 11. h3 b5 12. f4 b4 13. Ncb5 axb5 14. Nxb5 Qc6 15.
fxe5 dxe5 16. Na7 Qb7 17. Bb5+ Bd7 18. Bxd7+ Nxd7 19. Qd3 Rxa7 20. Bxa7 Qxa7
21. Kb1 Qb7 22. Rhe1 Nc5 23. Qc4 O-O 24. g5 Rc8 25. h4 Na4 26. Qb3 Nc5 27. Qc4
Nd7 28. Qd3 Nb6 29. Qb5 Qc7 30. Re2 Rb8 31. Qa5 Ra8 32. Qb5 Qa7 33. a3 bxa3 34.
Red2 axb2 35. Rd8+ Bf8 36. Rxa8 Qxa8 37. Qxb2 Nc4 38. Qb3 Qxe4 39. Rd8 Qe1+ 40.
Ka2 Qa5+ 0-1

[Event "C.to Provinciale KR 2007"]
[Site "Cutro ITA"]
[Date "2006.12.08"]
[Round "2"]
[White "Policastrese, Salvatore"]
[Black "Piccoli, Vincenzo"]
[Result "0-1"]
[WhiteElo "1440"]
[BlackElo "1700"]
[PlyCount "84"]
[EventDate "2006.12.07"]

1. e4 c5 2. Nf3 d6 3. h3 Nf6 4. Nc3 a6 5. Bc4 b5 6. Be2 b4 7. Nd5 Nxe4 8. Bc4
e6 9. Nf4 Be7 10. d3 Nf6 11. O-O O-O 12. a3 a5 13. Ne2 Bb7 14. Ng3 Nbd7 15. Re1
Nb6 16. Bb3 Nfd5 17. Bd2 Bf6 18. Rb1 bxa3 19. bxa3 Nc3 20. Bxc3 Bxc3 21. Re2
Bxf3 22. gxf3 d5 23. Qc1 Qf6 24. Qe3 Bd4 25. Qd2 Qxf3 26. Rbe1 Qxg3+ 27. Kh1
Qxh3+ 28. Kg1 a4 29. Ba2 Nd7 30. c3 Bf6 31. c4 Rfb8 32. cxd5 Rb2 33. Qf4 Rxe2
34. Rxe2 e5 35. Qe4 Qh5 36. f3 Qg6+ 37. Rg2 Qxe4 38. dxe4 Ra6 39. Rb2 Rb6 40.
Rc2 Bg5 41. Kg2 Bc1 42. Rc3 Rb2+ 0-1

[Event "C.to Provinciale KR 2007"]
[Site "Cutro ITA"]
[Date "2006.12.08"]
[Round "2"]
[White "Pulvirenti, Carmelo"]
[Black "Alo', Lucio"]
[Result "0-1"]
[WhiteElo "1703"]
[BlackElo "1559"]
[PlyCount "94"]
[EventDate "2006.12.07"]

1. e4 e5 2. Nf3 Nc6 3. Bc4 Be7 4. Nc3 d6 5. d3 Bg4 6. h3 Bh5 7. Be3 Na5 8. Bb3
Nxb3 9. axb3 a6 10. Nd5 Nf6 11. Nxf6+ Bxf6 12. g4 Bg6 13. h4 h6 14. g5 hxg5 15.
Bxg5 Bh5 16. Kd2 Bxg5+ 17. hxg5 g6 18. Qe2 Qe7 19. Qe3 O-O-O 20. c4 Bxf3 21.
Qxf3 Qxg5+ 22. Qe3 Qxe3+ 23. Kxe3 Rxh1 24. Rxh1 Rf8 25. f4 f5 26. exf5 gxf5 27.
Rh7 b6 28. b4 Kb7 29. Re7 exf4+ 30. Kxf4 Kc6 31. b5+ axb5 32. cxb5+ Kxb5 33.
Rxc7 d5 34. Rc3 Kb4 35. Rc6 b5 36. Rd6 Kc5 37. Rd7 b4 38. Rb7 Re8 39. Kxf5 Re3
40. Rc7+ Kd4 41. Rb7 Kc5 42. Rc7+ Kd6 43. Rb7 Rxd3 44. Rxb4 Kc5 45. Rb8 Kc4 46.
Ke6 Re3+ 47. Kf5 d4 0-1

[Event "C.to Provinciale KR 2007"]
[Site "Cutro ITA"]
[Date "2006.12.08"]
[Round "3"]
[White "Alo', Lucio"]
[Black "Abatino, Maurizio"]
[Result "0-1"]
[WhiteElo "1559"]
[BlackElo "2192"]
[PlyCount "80"]
[EventDate "2006.12.07"]

1. Nf3 Nf6 2. d4 e6 3. c4 b6 4. Nc3 Bb7 5. Bg5 Be7 6. e3 O-O 7. a3 d6 8. Bd3
Nbd7 9. e4 e5 10. d5 Nxd5 11. exd5 Bxg5 12. Qc2 h6 13. Ne4 Be7 14. Ng3 c6 15.
Be4 cxd5 16. cxd5 Rc8 17. Qd3 Nc5 18. Qe3 Nxe4 19. Qxe4 Ba6 20. b3 Qc7 21. Kd1
Qc3 22. Qb1 Bd3 23. Qa2 Bc2+ 24. Ke2 Qd3+ 25. Ke1 Qxd5 26. Kf1 Qxb3 27. Qxb3
Bxb3 28. Nf5 Rfe8 29. g4 Bd5 30. Kg2 Rc3 31. Ne3 Bb7 32. Kg3 d5 33. Nd1 Rb3 34.
Ne3 d4 35. Nd2 Rd3 36. Rhd1 dxe3 37. fxe3 Red8 38. Ra2 Rxe3+ 39. Kf2 Bc5 40.
Rc2 Rc3+ 0-1

[Event "C.to Provinciale KR 2007"]
[Site "Cutro ITA"]
[Date "2006.12.08"]
[Round "3"]
[White "Frontera, Domenico"]
[Black "Camposano, Antonio"]
[Result "1-0"]
[WhiteElo "1632"]
[BlackElo "1371"]
[PlyCount "117"]
[EventDate "2006.12.07"]

1. e4 e5 2. Nf3 Nc6 3. Nc3 Bb4 4. Nd5 Bc5 5. c3 d6 6. d4 exd4 7. cxd4 Bb4+ 8.
Nxb4 Nxb4 9. Qa4+ Nc6 10. d5 Bd7 11. dxc6 Bxc6 12. Qd4 Qf6 13. Qxf6 Nxf6 14.
Bd3 Bxe4 15. Bxe4 Nxe4 16. O-O O-O 17. Re1 Rfe8 18. Bf4 h6 19. Nd2 Nxd2 20.
Bxd2 Rxe1+ 21. Rxe1 c5 22. Re7 Rb8 23. Rd7 b5 24. Rxd6 b4 25. b3 Kf8 26. Rd7 a5
27. Bf4 Ke8 28. Bxb8 Kxd7 29. Kf1 Kc6 30. Ke2 Kd5 31. Kd3 a4 32. f4 f5 33. Be5
g5 34. g3 c4+ 35. bxc4+ Kc5 36. Bd4+ Kc6 37. Bg7 b3 38. axb3 axb3 39. Kc3 gxf4
40. gxf4 h5 41. Kxb3 Kc5 42. h4 Kd6 43. Bh6 Kc5 44. Bg7 Kb6 45. Kb4 Kb7 46. Kc5
Kc7 47. Bf6 Kd7 48. Kb6 Ke6 49. Be5 Kd7 50. Kb7 Ke6 51. c5 Kd5 52. c6 Ke4 53.
c7 Kf3 54. c8=Q Kg4 55. Qxf5+ Kxh4 56. Qg6 Kh3 57. f5 h4 58. Bd4 Kh2 59. Qg4
1-0

[Event "C.to Provinciale KR 2007"]
[Site "Cutro ITA"]
[Date "2006.12.08"]
[Round "3"]
[White "Manfredi, Candido"]
[Black "Guzzo, Giovanni"]
[Result "1-0"]
[WhiteElo "1572"]
[BlackElo "1798"]
[PlyCount "98"]
[EventDate "2006.12.07"]

1. e4 e5 2. Nf3 Nc6 3. Bb5 Bc5 4. c3 Nge7 5. O-O O-O 6. a3 a6 7. Bc4 d6 8. b4
Ba7 9. Qb3 h6 10. Qd1 Bg4 11. d3 Kh7 12. Be3 f5 13. Bxa7 Nxa7 14. Nbd2 fxe4 15.
Ng5+ hxg5 16. Qxg4 d5 17. Bb3 exd3 18. Qh5+ Kg8 19. Ne4 Qe8 20. Qxg5 Rf5 21.
Bxd5+ Kf8 22. Qg4 Rf4 23. Qe6 c6 24. Ng5 Qh5 25. Nh3 Rf6 26. Bf3 Qg6 27. Qg4
Rd8 28. Qxg6 Nxg6 29. Ng5 Kg8 30. Rfd1 Rf5 31. Ne6 Rd6 32. Nc5 Nh4 33. Be4 Rg5
34. Rxd3 Rxd3 35. Nxd3 Rg4 36. Re1 Rg5 37. Nc5 b5 38. a4 Nc8 39. Bxc6 Ne7 40.
Be4 Neg6 41. Bd5+ Kh8 42. g3 Nf4 43. Bh1 Nh3+ 44. Kf1 Rf5 45. Re2 Nf3 46. Bxf3
Rxf3 47. Kg2 Ng5 48. h4 Rxc3 49. hxg5 Rc4 1-0

[Event "C.to Provinciale KR 2007"]
[Site "Cutro ITA"]
[Date "2006.12.08"]
[Round "3"]
[White "Morelli, Gaetano"]
[Black "Mano, Dionigi"]
[Result "1-0"]
[WhiteElo "1849"]
[BlackElo "1667"]
[PlyCount "119"]
[EventDate "2006.12.07"]

1. e4 e6 2. d4 c5 3. Be3 cxd4 4. Bxd4 Nc6 5. Bc4 Nxd4 6. Qxd4 Ne7 7. Nc3 Nc6 8.
Qd2 Be7 9. Nf3 O-O 10. O-O a6 11. a4 Bf6 12. Rad1 Qc7 13. Bb3 Nb4 14. Qd6 Qxd6
15. Rxd6 Be7 16. Rd2 d6 17. Rfd1 Nc6 18. Ne2 e5 19. h3 Be6 20. Bd5 Rad8 21. Nc3
g5 22. g4 Kg7 23. Kh2 Rh8 24. Kg3 h5 25. gxh5 Rxh5 26. Bxe6 fxe6 27. Kg4 Kg6
28. Ne2 Rhh8 29. c3 Na5 30. Rd3 Nb3 31. Ne1 Nc5 32. Re3 Nxa4 33. b3 Nb6 34. c4
Nd7 35. b4 Nf6+ 36. Kg3 Nh5+ 37. Kh2 Nf4 38. Ng1 g4 39. Rg3 Kf7 40. Rxg4 Rdg8
41. f3 Rc8 42. Nd3 Rxc4 43. Nxf4 exf4 44. Rxf4+ Ke8 45. Rb1 d5 46. Rg4 Bd6+ 47.
Kg2 Rc2+ 48. Kf1 dxe4 49. Rxe4 Ke7 50. h4 Bg3 51. Ne2 Bxh4 52. Rxe6+ Kf7 53.
Re4 Bf6 54. Rd1 Rc7 55. Ng3 Rh3 56. Kg2 Rh8 57. Nf5 Rc2+ 58. Kg1 Rg8+ 59. Rg4
Rxg4+ 60. fxg4 1-0

[Event "C.to Provinciale KR 2007"]
[Site "Cutro ITA"]
[Date "2006.12.08"]
[Round "3"]
[White "Olivo, Paolo"]
[Black "Macri', Pasquale"]
[Result "1-0"]
[WhiteElo "1589"]
[BlackElo "1425"]
[PlyCount "31"]
[EventDate "2006.12.07"]

1. e4 e5 2. Nf3 d6 3. d4 Bg4 4. dxe5 Bxf3 5. Qxf3 dxe5 6. Bc4 Qf6 7. Qb3 Bc5 8.
O-O a6 9. Qxb7 Ra7 10. Qxb8+ Ke7 11. Nc3 c6 12. Na4 Qd6 13. Qb3 Nf6 14. Bg5 h6
15. Rad1 Bxf2+ 16. Kxf2 1-0

[Event "C.to Provinciale KR 2007"]
[Site "Cutro ITA"]
[Date "2006.12.08"]
[Round "3"]
[White "Piccoli, Vincenzo"]
[Black "Liistro, Giovanni Carlo"]
[Result "1/2-1/2"]
[WhiteElo "1700"]
[BlackElo "1865"]
[PlyCount "74"]
[EventDate "2006.12.07"]

1. e4 e5 2. Nf3 Nc6 3. d4 exd4 4. Nxd4 Bc5 5. Be3 Qf6 6. Nb5 Bxe3 7. fxe3 Qh4+
8. g3 Qd8 9. Qg4 Kf8 10. Qf4 d6 11. Bc4 Ne5 12. Bb3 Nf6 13. Nd2 c6 14. Nc3 Qe7
15. h3 h5 16. O-O-O Be6 17. Bxe6 Qxe6 18. Nb3 Rd8 19. Nd4 Qc4 20. Nf5 Ng6 21.
Qf3 Ne5 22. Qf4 Qb4 23. a3 Qc5 24. Rhf1 Ng6 25. Qf3 Qe5 26. Rd4 Ne7 27. Rfd1
Nxf5 28. exf5 Ke7 29. Ne4 d5 30. Nc5 Rhe8 31. Nd3 Qc7 32. Nf4 Kf8 33. g4 hxg4
34. hxg4 Qe5 35. g5 Ne4 36. Ng6+ fxg6 37. fxg6+ Ke7 1/2-1/2

[Event "C.to Provinciale KR 2007"]
[Site "Cutro ITA"]
[Date "2006.12.08"]
[Round "3"]
[White "Scalise, Sandro"]
[Black "Pulvirenti, Carmelo"]
[Result "0-1"]
[WhiteElo "1625"]
[BlackElo "1703"]
[PlyCount "112"]
[EventDate "2006.12.07"]

1. d4 e6 2. Nf3 Be7 3. Bf4 Nf6 4. e3 d6 5. Bd3 h6 6. c3 Bd7 7. Nbd2 c6 8. Qe2
b5 9. h4 Nh5 10. Bh2 Nf6 11. e4 Ng4 12. Bf4 h5 13. e5 d5 14. Ng5 g6 15. Ndf3 c5
16. Qc2 Rg8 17. Nh2 c4 18. Bxg6 fxg6 19. Nxg4 hxg4 20. Nh7 Kf7 21. h5 g5 22.
Be3 Rg7 23. O-O-O Qg8 24. Nf6 Bxf6 25. exf6 Kxf6 26. f4 gxf3 27. Qf2 Nc6 28.
Qxf3+ Ke7 29. h6 Rg6 30. h7 Qg7 31. Qh5 Rh8 32. Rdf1 b4 33. Rf3 bxc3 34. bxc3
Nd8 35. Bf2 Nf7 36. Bg3 Rf6 37. Qh2 Rxf3 38. gxf3 Qg6 39. f4 Qd3 40. fxg5 Qxc3+
41. Kb1 Qd3+ 42. Kc1 c3 43. Bh4 Qe3+ 44. Kb1 Nxg5 45. Rg1 c2+ 46. Kxc2 Rc8+ 47.
Kb1 Qd3+ 48. Ka1 Qxd4+ 49. Kb1 Qd3+ 50. Ka1 Qd4+ 51. Kb1 Rb8+ 52. Qxb8 Qxg1+
53. Kb2 Qg2+ 54. Kc3 Qf3+ 55. Kb4 Qe4+ 56. Kc5 Qc4# 0-1